| 000 | 00934nam a22002297a 4500 | ||
|---|---|---|---|
| 001 | 2587 | ||
| 005 | 20240103133725.0 | ||
| 020 | _a9780340999240 | ||
| 040 |
_aFISKH _beng _cFISKH _dFISKH |
||
| 050 | _aPZ7.M894 | ||
| 082 | _a823.92 | ||
| 100 | _aMachamore, Robert | ||
| 245 |
_aBlack Friday / _cRobert Muchamore |
||
| 250 | _aThis paperback edition published in 2014 | ||
| 260 |
_aLondon : _bHodder Children's Books, _c2013 |
||
| 300 |
_a384 pages : _c20 cm |
||
| 505 | _aU | ||
| 520 | _aRyan is about to board a plane, knowing that the next twenty-four hours will change everything. His mission is to stop the biggest terrorist attack America's ever seen. Ryan works for CHERUB, a secret organisation with one key advantage: even a trained terrorist won't suspect that a teenager is spying on them. For official purposes, these children do not exist. | ||
| 521 |
_a980 _bLexile |
||
| 521 |
_aU _bRaz-Plus |
||
| 942 |
_2ddc _cBK _n0 |
||
| 999 |
_c2587 _d2587 |
||